| 000 | 00584 a2200205 4500 | ||
|---|---|---|---|
| 005 | 20240524143122.0 | ||
| 010 | _aB-759177 | ||
| 020 |
_a9789354716133 _c499.00 |
||
| 035 | _aB-759177 | ||
| 037 | _bGift | ||
| 082 | _aN | ||
| 100 |
_aCostain, Meredith _966847 |
||
| 245 |
_aFull Colour Super Special Ella Diaries/ _cMeredith Costain and Danielle M'Donald |
||
| 260 |
_aNew York _bScholastic _c2023 |
||
| 270 |
_aNew York _bNew York |
||
| 300 |
_a192 p. _c19 cm(Pb) |
||
| 700 |
_aDanielle M'Donald _966848 |
||
| 942 |
_adpl _cCH _2ddc _hN _mCOS |
||
| 999 |
_c203232 _d203232 |
||